Galdos /

Guardado en:
Autor Principal: Cimorra, Clemente
Formato: Libro
Publicado: Buenos Aires : Nova, 1947
Series:Coleccion Grandes Vidas
Materias:
Etiquetas: Agregar Etiqueta
Sin Etiquetas, Sea el primero en etiquetar este registro!
LEADER 00569nam a22002055a 4500
001 EHU.bham024098
003 AR-BHAM
005 20130507120140.0
008 130507s1947##################000#0#####d
082 9 2 |a 928 
100 1 |a Cimorra, Clemente 
245 1 0 |a Galdos /  |c Clemente Cimorra 
260 |a Buenos Aires :  |b Nova,  |c 1947 
300 |a 156 p. 
490 0 |a Coleccion Grandes Vidas 
653 |a Biografias 
653 |a Biografias de escritores 
653 |a Literatura 
653 |a Literatura espaÑola 
859 |a AR-BHAM  |b BIB. HUMANIDADES - General  |h 928  |i P415C  |p 817.93  |t Ej.1